Schaum's outline of theory and problems of physical chemistry

保存先:
書誌詳細
第一著者: Clyde R. Metz
フォーマット: 図書
言語:Undetermined
出版事項: New York McGraw-Hill 1989
主題:
タグ: タグ追加
タグなし, このレコードへの初めてのタグを付けませんか!
Thư viện lưu trữ: Trung tâm Học liệu Trường Đại học Cần Thơ
LEADER 00538nam a2200193Ia 4500
001 CTU_54709
008 210402s9999 xx 000 0 und d
020 |b 214000 
082 |a 541.3076 
082 |b M596 
100 |a Clyde R. Metz 
245 0 |a Schaum's outline of theory and problems of physical chemistry 
245 0 |c Clyde R. Metz 
260 |a New York 
260 |b McGraw-Hill 
260 |c 1989 
650 |a chemistry, physical and theoretical 
904 |i Minh 
980 |a Trung tâm Học liệu Trường Đại học Cần Thơ